| 000 | 00435nam a22001697a 4500 | ||
|---|---|---|---|
| 003 | CEME | ||
| 005 | 20210628210212.0 | ||
| 008 | 210201b xxu||||| |||| 00| 0 eng d | ||
| 040 | _c. | ||
| 082 | _a297 USM | ||
| 100 |
_aUsmani, Mufti Muhammad Taqi _951056 |
||
| 245 | _aIslam aur jedaat pasandi | ||
| 260 |
_aLAHORE _bMAKTABA-E-DARUL-ULOOM _c2004 |
||
| 300 | _a124P | ||
| 650 |
_aISLAM AUR JEEDAT PASANDI _978502 |
||
| 942 |
_cBK _2ddc |
||
| 999 |
_c583612 _d583612 |
||